La Biblia de nuestro pueblo
Guardat en:
| Autor principal: | |
|---|---|
| Format: | Llibre |
| Idioma: | espanyol |
| Publicat: |
Bilbao
Mensajero
2006
|
| Matèries: | |
| Etiquetes: |
Afegir etiqueta
Sense etiquetes, Sigues el primer a etiquetar aquest registre!
|
MARC
| LEADER | 00000nam a2200000 a 4500 | ||
|---|---|---|---|
| 001 | UCJ0800 | ||
| 003 | CL-VaPUC | ||
| 008 | 060908e20060000SP |||||||||||||||||spa|d | ||
| 020 | |a 8427127081 | ||
| 082 | 0 | 4 | |a 220 |b SCH |2 21 |
| 100 | |a Alonso Schökel, Luis |e autor |9 591055 | ||
| 245 | 1 | 3 | |a La Biblia de nuestro pueblo |
| 246 | 1 | 0 | |a Biblia del peregrino, América Latina |
| 300 | |a 2399 p | ||
| 942 | |c BK | ||
| 945 | |d 20060908 00:00:00 |a cmena | ||
| 260 | |a Bilbao |b Mensajero |c 2006 | ||
| 650 | 0 | |a Textos sagrados |9 257605 | |
| 650 | 0 | |a Evangelios |9 314864 | |
| 650 | 0 | |a Antiguo testamento |9 313678 | |
| 650 | 0 | |a Nuevo testamento |9 257604 | |
| 583 | |a last modification |c 20140409 12:01:25 |k Rodrigo Vera | ||
| 999 | |c 317555 |d 317553 | ||
| 952 | |0 0 |1 2 |4 0 |6 220_000000000000000_SCH_2006 |7 0 |8 A |9 394040 |a BIBTEO |b BIBTEO |d 2019-11-22 |i 4262700 |o 220 SCH 2006 |p 4262700 |r 2019-11-22 |w 2019-11-22 |y BK |k ICR | ||
| 952 | |0 0 |1 0 |4 0 |6 220_000000000000000_SCH_2006 |7 0 |8 A |9 394041 |a BIBTEO |b BIBTEO |d 2019-11-22 |i 4262719 |o 220 SCH 2006 |p 4262719 |r 2025-01-17 |w 2019-11-22 |y BK |k ICR | ||
| 952 | |0 0 |1 0 |4 0 |6 220_000000000000000_SCH_2006 |7 0 |8 A |9 394042 |a BIBTEO |b BIBTEO |d 2019-11-22 |i 4262727 |o 220 SCH 2006 |p 4262727 |r 2025-01-17 |w 2019-11-22 |y BK |k ICR | ||
| 952 | |0 0 |1 0 |4 0 |6 220_000000000000000_SCH_2006 |7 0 |8 A |9 394043 |a BIBTEO |b BIBTEO |d 2019-11-22 |i 4262735 |l 1 |m 2 |o 220 SCH 2006 |p 4262735 |r 2025-01-17 |s 2023-04-04 |w 2019-11-22 |y BK |k ICR | ||
| 952 | |0 0 |1 0 |4 0 |6 220_000000000000000_SCH_2006 |7 0 |8 A |9 394044 |a BIBTEO |b BIBTEO |d 2019-11-22 |i 4262743 |l 1 |o 220 SCH 2006 |p 4262743 |r 2025-01-17 |s 2023-03-28 |w 2019-11-22 |y BK |k ICR | ||
| 952 | |0 0 |1 0 |4 0 |6 220_000000000000000_SCH_2006 |7 0 |8 A |9 394045 |a BIBTEO |b BIBTEO |d 2019-11-22 |i 4262751 |o 220 SCH 2006 |p 4262751 |r 2025-01-17 |w 2019-11-22 |y BK |k ICR | ||